| 000 | 00694pam a2200229 a 4500 | ||
|---|---|---|---|
| 001 | 2978455 | ||
| 005 | 20180215032633.0 | ||
| 008 | 920826s1993 paua b 001 0 eng | ||
| 010 | _a 92032917 | ||
| 020 | _a039754877X | ||
| 040 |
_aDLC _cDLC _dDLC |
||
| 041 | _aeng | ||
| 080 | _a615.8515 hel | ||
| 082 | 0 | 0 |
_a615.8515 hel _220 |
| 100 | _a3 | ||
| 101 | _ashm | ||
| 245 | 1 | 0 | _aWillard and Spackman's occupational therapy. |
| 504 | _aIncludes bibliographical references and index. | ||
| 906 |
_a7 _bcbc _corignew _d1 _eocip _f19 _gy-gencatlg |
||
| 942 |
_2ddc _cBK |
||
| 999 |
_c42562 _d42562 |
||